| 000 | 00729nam a2200217 a 4500 | ||
|---|---|---|---|
| 008 | |||
| 020 | _a9780797476721 (pbk.) | ||
| 049 | _aMAIN | ||
| 090 |
_aTN119.S64 _bMLA |
||
| 100 | 1 | _aMlambo, Lyman. | |
| 245 | 1 | 0 |
_aExtractives and sustainable development 1 : _bminerals, oils and gas sectors in Zimbabwe / _cLyman Mlambo. |
| 260 |
_aHarare, Zimbabwe : _bFriedrich-Ebert-Stiftung , _c2016. |
||
| 300 |
_av, 70p. : _bill. ; _c30 cm. |
||
| 504 | _aIncludes bibliographical references. | ||
| 650 |
_aMines and mineral resources _zAfrica,Southern. |
||
| 907 |
_a.b10380036 _b13-06-17 _c29-03-17 |
||
| 003 | |||
| 005 | 20230123122247.0 | ||
| 040 | _cNUST | ||
| 942 |
_cBOOKS _kTN119.S64 _mMLA |
||
| 999 |
_c130572 _d130572 |
||